La enseñanza de los niños impedidos
Gorde:
| Egile Nagusiak: | , |
|---|---|
| Formatua: | Liburua |
| Hizkuntza: | gaztelania |
| Argitaratua: |
Ciudad de México
Trillas
1988
|
| Gaiak: | |
| Etiketak: |
Etiketa erantsi
Etiketarik gabe, Izan zaitez lehena erregistro honi etiketa jartzen!
|
MARC
| LEADER | 00000nam a2200000 a 4500 | ||
|---|---|---|---|
| 001 | UCW4923 | ||
| 003 | CL-VaPUC | ||
| 008 | 901003e19880000MX |||||||||||||||||spa|d | ||
| 082 | 0 | 4 | |a 371.9 |b HIN |2 21 |
| 100 | 0 | |a Hinojosa Rivero, Guillermo |e author |9 309745 | |
| 700 | |a Galindo Cota, Edgar Aníbal |e author |9 309746 | ||
| 245 | 1 | 3 | |a La enseñanza de los niños impedidos |
| 300 | |a 207 p | ||
| 942 | |c BK | ||
| 945 | |d 19901003 00:00:00 | ||
| 260 | |a Ciudad de México |b Trillas |c 1988 | ||
| 650 | 0 | |a Educación especial |9 307486 | |
| 650 | 7 | |a NIÑOS MINUSVALIDOS |2 CL-VaPUC |9 309747 | |
| 650 | 7 | |a LENGUAJE DE SORDOMUDOS |2 CL-VaPUC |9 309748 | |
| 583 | |a last modification |c 19901003 00:00:00 |k Rodrigo Vera | ||
| 999 | |c 218494 |d 218492 | ||
| 952 | |0 0 |1 0 |4 0 |6 371_900000000000000_HIN_1988 |7 0 |8 A |9 208161 |a BIBEDU |b BIBEDU |d 2019-11-15 |i 2760444 |o 371.9 HIN 1988 |p 2760444 |r 2019-11-15 |w 2019-11-15 |y BK |k EDU | ||